| 000 | 01156nam a2200229Ia 4500 | ||
|---|---|---|---|
| 001 | L250-16481 | ||
| 003 | IT-CnALBA | ||
| 008 | 170116s9999||||xx |||||||||||||| ||und|| | ||
| 040 |
_aIT-CnALBA _cIT-CnALBA |
||
| 041 | _aITALIANO | ||
| 100 | _aRIVA P. SILVIO ANTONIO, OFM. | ||
| 245 | 0 | _aPEDAGOGIA DEL CATECHISMO. | |
| 250 | _a1a ed. | ||
| 260 |
_a MILANO BOLOGNA _bANCORA EDITRICE _c1945 [1° Ed.:1945 - Ed.Ling.Originale: 1945] |
||
| 300 | _a211 p. (prefazione: 7) | ||
| 500 | _aVOCAZIONE ALL'INSEGNAMENTO. AULA DI CATECHISMO. DIDATTICA. GESÙ MAESTRO. VANGELO. LITURGIA. SUSSIDI. DIALOGO. PIO XII. PSICOLOGIA DELL'ESEMPIO. ASCETICA. SCUOLA DI PREGHIERA. METODO LASALLE. S. GIOVANNI BOSCO. SCUOLA E VITA ' | ||
| 501 | _aSocietà San Paolo EM - Piazza San Paolo, 14 - 12051 ALBA (CN) (non commercial uses only) ® Copyright 2017 | ||
| 520 | _aVOCAZIONE ALL'INSEGNAMENTO. AULA DI CATECHISMO. DIDATTICA. GESÙ MAESTRO. VANGELO. LITURGIA. SUSSIDI. DIALOGO. PIO XII. PSICOLOGIA DELL'ESEMPIO. ASCETICA. SCUOLA DI PREGHIERA. METODO LASALLE. S. GIOVANNI BOSCO. SCUOLA E VITA ' | ||
| 650 | _aTEOLOGIA PASTORALE | ||
| 942 | _cBK | ||
| 957 | _71 | ||
| 999 |
_a21228 _bSI _g Copie: 1 _c275641 _d275641 |
||